[Event "GER-ch U16"]
[Site "Willingen"]
[Date "2016.05.17"]
[Round "4"]
[White "Kololli, Kevin"]
[Black "Gungl, Theo"]
[Result "0-1"]
[WhiteElo "2130"]
[BlackElo "2193"]
[PlyCount "78"]
[EventDate "2016.05.15"]
[EventType "swiss"]
[EventRounds "9"]
[EventCountry "GER"]
[SourceTitle "CBM 172 Extra"]
[Source "ChessBase"]
[SourceDate "2016.06.21"]
[SourceVersion "1"]
[SourceVersionDate "2016.06.21"]
[SourceQuality "1"]

1. e4 c5 2. Nf3 d6 3. d4 cxd4 4. Nxd4 Nf6 5. Nc3 a6 6. Bc4 e6 7. Bb3 Nbd7 8. Be3 Nc5 9. f4 Be7 10. 0-0 0-0 11. f5 e5 12. Nde2 Ncxe4 13. Nxe4 Nxe4 14. Bd5 Nf6 15. c4 Qc7 16. Nc3 Bd7 17. a4 Bc6 18. a5 Rac8 19. Kh1 Qd7 20. Qe2 Nxd5 21. cxd5 Bb5 22. Qg4 Rc4 23. Qg3 Rxc3 24. bxc3 Bxf1 25. Rxf1 Qb5 26. Kg1 Bf6 27. Bh6 Kh8 28. Bg5 Bxg5 29. Qxg5 f6 30. Qd2 Rc8 31. Rf3 Rc5 32. Rd3 Qxa5 33. g4 Rc4 34. g5 Ra4 35. Qe2 Ra1+ 36. Rd1 Qxc3 37. gxf6 Qd4+ 38. Kg2 Rxd1 39. f7 Qxd5+ 0-1

[Event "GER-ch U16"]
[Site "Willingen"]
[Date "2016.05.16"]
[Round "3"]
[White "Kololli, Martin"]
[Black "Kololli, Kevin"]
[Result "1/2-1/2"]
[WhiteElo "2198"]
[BlackElo "2130"]
[PlyCount "50"]
[EventDate "2016.05.15"]
[EventType "swiss"]
[EventRounds "9"]
[EventCountry "GER"]
[SourceTitle "CBM 172 Extra"]
[Source "ChessBase"]
[SourceDate "2016.06.21"]
[SourceVersion "1"]
[SourceVersionDate "2016.06.21"]
[SourceQuality "1"]

1. e4 c5 2. Ne2 d6 3. d4 cxd4 4. Nxd4 Nf6 5. Nc3 g6 6. Bc4 Bg7 7. Be3 0-0 8. f3 Nc6 9. Qd2 Nxd4 10. Bxd4 Be6 11. Bb3 Qa5 12. 0-0-0 Rfc8 13. Kb1 b5 14. Rhe1 Bxb3 15. cxb3 b4 16. Nd5 Nxd5 17. Bxg7 Nc3+ 18. Bxc3 bxc3 19. bxc3 Rxc3 20. Re3 Rac8 21. Rxc3 Qxc3 22. Qxc3 Rxc3 23. Rc1 Re3 24. Kb2 Re2+ 25. Rc2 Re3 1/2-1/2

[Event "Bargteheide op"]
[Site "Bargteheide"]
[Date "2016.05.07"]
[Round "5"]
[White "Carlstedt, Jonathan"]
[Black "Kololli, Kevin"]
[Result "1-0"]
[WhiteElo "2458"]
[BlackElo "2164"]
[PlyCount "79"]
[EventDate "2016.05.05"]
[EventType "swiss"]
[EventRounds "7"]
[EventCountry "GER"]
[SourceTitle "CBM 172 Extra"]
[Source "ChessBase"]
[SourceDate "2016.06.21"]
[SourceVersion "1"]
[SourceVersionDate "2016.06.21"]
[SourceQuality "1"]

1. d4 Nf6 2. c4 g6 3. Nc3 Bg7 4. g3 0-0 5. Bg2 d6 6. Nf3 Nbd7 7. 0-0 e5 8. e4 exd4 9. Nxd4 Re8 10. h3 Nc5 11. Re1 a5 12. Ndb5 Be6 13. e5 dxe5 14. Qxd8 Raxd8 15. Nxc7 Re7 16. Nxe6 Rxe6 17. Be3 Bf8 18. Rad1 Rxd1 19. Rxd1 Re8 20. b3 b6 21. g4 h6 22. Bc6 Rc8 23. Bb5 Kg7 24. f4 exf4 25. Bxf4 Nfe4 26. Nd5 Ne6 27. Be5+ Kh7 28. Kg2 g5 29. Nxb6 Rc5 30. Nd7 Rc8 31. Ba6 Rd8 32. Bb7 N4c5 33. Nxf8+ Rxf8 34. Bd5 f5 35. Bd6 Nf4+ 36. Kh2 Rc8 37. gxf5 Ncd3 38. f6 Re8 39. Rd2 Re3 40. f7 1-0

[Event "Oberliga Nord N 1516"]
[Site "Germany"]
[Date "2016.03.13"]
[Round "8.4"]
[White "Ramme, Christoph"]
[Black "Kololli, Kevin"]
[Result "1-0"]
[WhiteElo "2154"]
[BlackElo "2164"]
[PlyCount "99"]
[EventDate "2015.09.20"]
[EventType "team-tourn"]
[EventRounds "9"]
[EventCountry "GER"]
[SourceTitle "EXT 2017"]
[Source "ChessBase"]
[SourceDate "2016.10.25"]
[SourceVersion "1"]
[SourceVersionDate "2016.10.25"]
[SourceQuality "1"]
[WhiteTeam "Marmstorf"]
[BlackTeam "Luebeck"]
[WhiteTeamCountry "GER"]
[BlackTeamCountry "GER"]

1. d4 Nf6 2. Nf3 g6 3. c4 Bg7 4. g3 0-0 5. Bg2 d6 6. Nc3 Nbd7 7. 0-0 e5 8. e4 exd4 9. Nxd4 Re8 10. h3 Nc5 11. Re1 a5 12. Bg5 h6 13. Bf4 a4 14. Rb1 Nfd7 15. Be3 Ne5 16. Qe2 Ncd3 17. Red1 Nb4 18. Nc2 Na6 19. Nd4 Bd7 20. Qd2 Kh7 21. Kh2 Qc8 22. b4 axb3 23. axb3 Nb4 24. Nce2 Ned3 25. Nc1 Nxc1 26. Rdxc1 c5 27. Nc2 Na2 28. Qxd6 Bf8 29. Qf6 Bg7 30. Qxf7 Nxc1 31. Rxc1 Ra2 32. Qd5 Re5 33. Qd3 Re8 34. Rd1 Be6 35. Ne1 Bf6 36. e5 Rd8 37. Qb1 Rxd1 38. Qxa2 Bxe5 39. Nf3 Bg7 40. Qa5 Rd3 41. Qb6 Qc6 42. Ng5+ hxg5 43. Bxc6 bxc6 44. Qxc6 Bf5 45. Qb7 g4 46. hxg4 Bxg4 47. Kg2 Bd1 48. Bxc5 Rxb3 49. Qf7 Bf3+ 50. Qxf3 1-0

[Event "Oberliga Nord N 1516"]
[Site "Germany"]
[Date "2016.02.21"]
[Round "7.3"]
[White "Zart, Ruediger"]
[Black "Kololli, Kevin"]
[Result "0-1"]
[WhiteElo "2183"]
[BlackElo "2163"]
[PlyCount "104"]
[EventDate "2015.09.20"]
[EventType "team-tourn"]
[EventRounds "9"]
[EventCountry "GER"]
[SourceTitle "EXT 2017"]
[Source "ChessBase"]
[SourceDate "2016.10.25"]
[SourceVersion "1"]
[SourceVersionDate "2016.10.25"]
[SourceQuality "1"]
[WhiteTeam "Eppendorf Johanneum"]
[BlackTeam "Luebeck"]
[WhiteTeamCountry "GER"]
[BlackTeamCountry "GER"]

1. d4 Nf6 2. c4 g6 3. Nc3 Bg7 4. e4 d6 5. Nf3 0-0 6. Be2 Nbd7 7. 0-0 e5 8. Re1 exd4 9. Nxd4 Re8 10. Bf1 Nc5 11. f3 a5 12. Be3 c6 13. Qd2 Nh5 14. Rad1 Qh4 15. Qf2 Qxf2+ 16. Kxf2 h6 17. Rd2 a4 18. Red1 g5 19. Nce2 a3 20. b3 Be5 21. Kg1 Kh7 22. Bf2 Kg6 23. b4 Na4 24. Nf5 Nb2 25. Nxd6 Nxd1 26. Nxe8 Nxf2 27. Kxf2 Be6 28. Nd6 Rd8 29. c5 Bb2 30. g4 Ng7 31. Nd4 Bxa2 32. e5 Bb1 33. Bc4 Bc3 34. Bxf7+ Kh7 35. Rd1 a2 36. Bxa2 Bxa2 37. b5 cxb5 38. N4xb5 Bxe5 39. Re1 Bxd6 40. cxd6 Bc4 41. Na3 Bd5 42. Rd1 Rxd6 43. Nc4 Rc6 44. Ne5 Rc2+ 45. Ke3 Be6 46. Rb1 Rc7 47. f4 gxf4+ 48. Kxf4 Bd5 49. Nd3 Rc4+ 50. Ke5 Be4 51. Nb2 Rb4 52. Re1 Kg6 0-1

[Event "GER CupT prel4"]
[Site "Wolfenbuettel"]
[Date "2016.01.23"]
[Round "1.2"]
[White "Kololli, Kevin"]
[Black "Erdogan, Ugur"]
[Result "0-1"]
[WhiteElo "2180"]
[BlackElo "2174"]
[PlyCount "56"]
[EventDate "2016.01.23"]
[EventType "team-k.o."]
[EventRounds "2"]
[EventCountry "GER"]
[SourceTitle "EXT 2017"]
[Source "ChessBase"]
[SourceDate "2016.10.25"]
[SourceVersion "1"]
[SourceVersionDate "2016.10.25"]
[SourceQuality "1"]
[WhiteTeam "Luebeck"]
[BlackTeam "Wolfenbuettel"]
[WhiteTeamCountry "GER"]
[BlackTeamCountry "GER"]

1. e4 Nf6 2. e5 Nd5 3. d4 Nb6 4. c4 d6 5. exd6 exd6 6. Nc3 Be7 7. Be3 0-0 8. Bd3 Nc6 9. Nge2 Nb4 10. 0-0 Bg4 11. b3 Nxd3 12. Qxd3 Bxe2 13. Qxe2 c6 14. Qg4 f5 15. Qg3 Kh8 16. Rad1 Nd7 17. Rfe1 g5 18. Bc1 f4 19. Qh3 Nf6 20. d5 g4 21. Qh6 g3 22. f3 Ng8 23. Qe6 Qb6+ 24. Kh1 Rf6 25. Qe4 Rh6 26. h3 Bf6 27. Bd2 Rxh3+ 28. gxh3 Qf2 0-1

[Event "Oberliga Nord N 1516"]
[Site "Germany"]
[Date "2015.11.15"]
[Round "3.5"]
[White "Perez de Miguel, Alvaro"]
[Black "Kololli, Kevin"]
[Result "1-0"]
[WhiteElo "2212"]
[BlackElo "2257"]
[PlyCount "67"]
[EventDate "2015.09.20"]
[EventType "team-tourn"]
[EventRounds "9"]
[EventCountry "GER"]
[SourceTitle "CBM 170 Extra"]
[Source "ChessBase"]
[SourceDate "2016.02.25"]
[SourceVersion "1"]
[SourceVersionDate "2016.02.25"]
[SourceQuality "1"]
[WhiteTeam "St Pauli"]
[BlackTeam "Luebeck"]
[WhiteTeamCountry "GER"]
[BlackTeamCountry "GER"]

1. d4 Nf6 2. c4 c5 3. d5 b5 4. Nf3 d6 5. Qc2 g6 6. e4 Bg7 7. cxb5 a6 8. Nc3 0-0 9. a4 Nbd7 10. h3 axb5 11. Bxb5 Ba6 12. 0-0 Bxb5 13. Nxb5 Qb6 14. Bg5 Ra6 15. Ra3 Rfa8 16. Nd2 Qb7 17. Nc4 Nb6 18. b3 h6 19. Bd2 Nfd7 20. Bc3 Nxc4 21. bxc4 Bxc3 22. Rxc3 Rxa4 23. Rb1 Ra2 24. Qc1 h5 25. Rcb3 Qc8 26. Qg5 Nf6 27. Nxd6 Qd7 28. Rb8+ Rxb8 29. Rxb8+ Kh7 30. Nxf7 Ra1+ 31. Kh2 Qc7+ 32. Ne5 Qxb8 33. Qxg6+ Kh8 34. f4 1-0

[Event "Pardubice Czech op-A 26th"]
[Site "Pardubice"]
[Date "2015.07.28"]
[Round "5"]
[White "Kololli, Kevin"]
[Black "Seger, Ruediger"]
[Result "1/2-1/2"]
[WhiteElo "2203"]
[BlackElo "2371"]
[PlyCount "77"]
[EventDate "2015.07.24"]
[EventType "swiss"]
[EventRounds "9"]
[EventCountry "CZE"]
[SourceTitle "CBM 167 Extra"]
[Source "ChessBase"]
[SourceDate "2015.09.14"]
[SourceVersion "1"]
[SourceVersionDate "2015.09.14"]
[SourceQuality "1"]

1. e4 c5 2. Nf3 Nc6 3. c3 Nf6 4. e5 Nd5 5. d4 cxd4 6. Bc4 e6 7. cxd4 d6 8. 0-0 Nb6 9. Bb5 dxe5 10. Nxe5 Bd7 11. Nc3 Be7 12. Be3 0-0 13. Nxd7 Qxd7 14. Rc1 Rac8 15. d5 Nxd5 16. Bxa7 Rfd8 17. Nxd5 Qxd5 18. Qxd5 Rxd5 19. Bxc6 bxc6 20. Be3 Ra5 21. a3 Bf6 22. Rc2 h5 23. Rfc1 Rb8 24. Bd2 Rf5 25. Bb4 Bd4 26. Kf1 Rbb5 27. Re2 c5 28. Bc3 Rb3 29. f3 Rd5 30. Rd2 Be3 31. Rxd5 exd5 32. Rc2 d4 33. Bd2 Bxd2 34. Rxd2 Kf8 35. Rc2 d3 36. Rxc5 Rxb2 37. Rd5 d2 38. Ke2 Ra2 39. Rxd2 1/2-1/2

[Event "Pardubice Czech op-A 26th"]
[Site "Pardubice"]
[Date "2015.07.25"]
[Round "2"]
[White "Stella, Andrea"]
[Black "Kololli, Kevin"]
[Result "1-0"]
[WhiteElo "2427"]
[BlackElo "2203"]
[PlyCount "57"]
[EventDate "2015.07.24"]
[EventType "swiss"]
[EventRounds "9"]
[EventCountry "CZE"]
[SourceTitle "CBM 167 Extra"]
[Source "ChessBase"]
[SourceDate "2015.09.14"]
[SourceVersion "1"]
[SourceVersionDate "2015.09.14"]
[SourceQuality "1"]

1. Nf3 Nf6 2. c4 g6 3. g3 Bg7 4. Bg2 d6 5. d4 0-0 6. Nc3 Nbd7 7. 0-0 e5 8. e4 exd4 9. Nxd4 Re8 10. h3 Nc5 11. Re1 a5 12. Ndb5 h6 13. e5 Qe7 14. Bf4 dxe5 15. Bxe5 Bf5 16. Nxc7 Nd3 17. Nxe8 Rxe8 18. Bxf6 Qxe1+ 19. Qxe1 Nxe1 20. Bxg7 Kxg7 21. Bxb7 Nc2 22. Rd1 Rb8 23. g4 Rxb7 24. gxf5 Rxb2 25. Rd2 gxf5 26. c5 h5 27. c6 Rb6 28. Rxc2 Rxc6 29. Kg2 1-0

[Event "Pardubice Czech op-A 26th"]
[Site "Pardubice"]
[Date "2015.07.24"]
[Round "1"]
[White "Kololli, Kevin"]
[Black "Kolosowski, Mateusz"]
[Result "1/2-1/2"]
[WhiteElo "2203"]
[BlackElo "2437"]
[PlyCount "107"]
[EventDate "2015.07.24"]
[EventType "swiss"]
[EventRounds "9"]
[EventCountry "CZE"]
[SourceTitle "CBM 167 Extra"]
[Source "ChessBase"]
[SourceDate "2015.09.14"]
[SourceVersion "1"]
[SourceVersionDate "2015.09.14"]
[SourceQuality "1"]

1. e4 e5 2. Nf3 Nc6 3. Bc4 Nf6 4. d4 exd4 5. 0-0 Nxe4 6. Re1 d5 7. Bxd5 Qxd5 8. Nc3 Qh5 9. Nxe4 Be6 10. Bg5 Bd6 11. Nxd6+ cxd6 12. Bf4 Qd5 13. c3 Kd7 14. Nxd4 Nxd4 15. cxd4 g5 16. Be3 h5 17. Qa4+ b5 18. Qa5 Rhb8 19. Rac1 Rb7 20. Re2 h4 21. h3 g4 22. hxg4 Bxg4 23. Rec2 Rg8 24. Rc7+ Rxc7 25. Qxc7+ Ke6 26. Re1 Kf6 27. Bf4 Be6 28. f3 Qxd4+ 29. Be3 Qxb2 30. Bf2 h3 31. g4 h2+ 32. Kg2 Rh8 33. Qxd6 h1Q+ 34. Rxh1 Rxh1 35. Qd4+ Qxd4 36. Bxd4+ Kg5 37. Be3+ Kh4 38. Bf2+ Kg5 39. Be3+ Kf6 40. Bd4+ Ke7 41. Kxh1 a6 42. a3 Kd6 43. Kg2 Kd5 44. Bb6 Kc4 45. Kg3 Kb3 46. Bc5 a5 47. f4 b4 48. axb4 axb4 49. f5 Bd5 50. g5 Kc3 51. Be7 b3 52. g6 fxg6 53. fxg6 Kc2 54. Bf6 1/2-1/2

[Event "GER-ch U16"]
[Site "Willingen"]
[Date "2015.05.28"]
[Round "7"]
[White "Kololli, Kevin"]
[Black "Sawlin, Leonid"]
[Result "0-1"]
[WhiteElo "2161"]
[BlackElo "2141"]
[PlyCount "72"]
[EventDate "2015.05.24"]
[EventType "swiss"]
[EventRounds "9"]
[EventCountry "GER"]
[SourceTitle "CBM 166 Extra"]
[Source "ChessBase"]
[SourceDate "2015.06.18"]
[SourceVersion "1"]
[SourceVersionDate "2015.06.18"]
[SourceQuality "1"]

1. e4 e6 2. d4 d5 3. Nd2 Nf6 4. Bd3 c5 5. c3 Nc6 6. Ngf3 cxd4 7. cxd4 Qb6 8. 0-0 Nb4 9. Bb1 dxe4 10. Nxe4 Be7 11. Re1 Nbd5 12. Ne5 0-0 13. Qd3 Nxe4 14. Qxe4 f5 15. Qd3 Rd8 16. a3 Bf6 17. Qc4 Bd7 18. Ba2 Be8 19. Qd3 Bb5 20. Qb3 Rac8 21. Nf3 Qa6 22. Bg5 Ba4 23. Rxe6 Bxb3 24. Rxa6 Bxa2 25. Rxa7 Bxg5 26. Nxg5 h6 27. Nf3 Rc7 28. h3 Bc4 29. Rc1 Ba6 30. Rxc7 Nxc7 31. a4 Ra8 32. Rxa8+ Nxa8 33. b4 Be2 34. Ne5 Nb6 35. Ng6 Kf7 36. Nf4 Bc4 0-1

[Event "BL2-Nord 1415"]
[Site "Germany"]
[Date "2015.04.12"]
[Round "9.5"]
[White "Kololli, Kevin"]
[Black "Muse, Drazen"]
[Result "1/2-1/2"]
[WhiteElo "2161"]
[BlackElo "2396"]
[PlyCount "117"]
[EventDate "2014.09.21"]
[EventType "team-tourn"]
[EventRounds "9"]
[EventCountry "GER"]
[SourceTitle "CBM 166 Extra"]
[Source "ChessBase"]
[SourceDate "2015.06.18"]
[SourceVersion "1"]
[SourceVersionDate "2015.06.18"]
[SourceQuality "1"]
[WhiteTeam "Luebeck"]
[BlackTeam "Berlin Tegel"]
[WhiteTeamCountry "GER"]
[BlackTeamCountry "GER"]

1. e4 c6 2. d4 d5 3. exd5 cxd5 4. c4 Nf6 5. Nc3 e6 6. Nf3 Bb4 7. Bd3 dxc4 8. Bxc4 0-0 9. 0-0 b6 10. Bg5 Bb7 11. Re1 Nc6 12. Bb3 Be7 13. a3 Nd5 14. Ne4 Bxg5 15. Nexg5 h6 16. Ne4 Rc8 17. Bc2 Nf4 18. Qd2 Ne7 19. Qxf4 Rxc2 20. Rac1 Rxc1 21. Rxc1 Ng6 22. Qe3 Qd5 23. Ned2 Rc8 24. Rxc8+ Bxc8 25. Qc3 Bb7 26. Qc7 Nf8 27. Nc4 Qc6 28. Qxc6 Bxc6 29. Nfe5 Bd5 30. Nd6 f6 31. Nd3 Nd7 32. Nc8 Bc4 33. Nf4 g5 34. Nd6 Bb3 35. Nd3 a5 36. f4 Bc2 37. Ne1 Bg6 38. fxg5 hxg5 39. Nf3 Kf8 40. Kf2 Ke7 41. Nc8+ Kd8 42. Nd6 Kc7 43. Nb5+ Kc6 44. Nc3 b5 45. b4 a4 46. d5+ exd5 47. Nd4+ Kd6 48. Ndxb5+ Ke5 49. Nxa4 d4 50. Nb2 Kd5 51. a4 Nb8 52. Na7 Be4 53. b5 Kc5 54. a5 Kb4 55. a6 Kb3 56. Nd1 Kb4 57. Nb2 Kb3 58. Nd1 Kb4 59. Nb2 1/2-1/2

[Event "GER-chT U16"]
[Site "Magdeburg"]
[Date "2014.12.30"]
[Round "7.1"]
[White "Peczely, Sebastian Zsombor"]
[Black "Kololli, Kevin"]
[Result "1/2-1/2"]
[WhiteElo "2159"]
[BlackElo "2131"]
[PlyCount "67"]
[EventDate "2014.12.27"]
[EventType "team-swiss"]
[EventRounds "7"]
[EventCountry "GER"]
[SourceTitle "EXT 2016"]
[Source "ChessBase"]
[SourceDate "2015.10.08"]
[SourceVersion "1"]
[SourceVersionDate "2015.10.08"]
[SourceQuality "1"]
[WhiteTeam "Leipzig SG"]
[BlackTeam "Luebeck"]
[WhiteTeamCountry "GER"]
[BlackTeamCountry "GER"]

1. Nf3 Nf6 2. g3 g6 3. Bg2 Bg7 4. 0-0 0-0 5. c4 d6 6. d4 Nbd7 7. Nc3 Re8 8. h3 e5 9. dxe5 dxe5 10. Bg5 c6 11. Bxf6 Qxf6 12. Ne4 Qe7 13. Qb3 Nc5 14. Nxc5 Qxc5 15. Nd2 f5 16. a3 e4 17. e3 a5 18. Rfd1 a4 19. Qc2 Be6 20. Bf1 Qe5 21. Rab1 b5 22. b3 Rec8 23. Rdc1 Qd6 24. bxa4 Rxa4 25. cxb5 cxb5 26. Qxc8+ Bxc8 27. Rxc8+ Bf8 28. Bxb5 Ra7 29. Nc4 Qf6 30. a4 g5 31. Rd1 f4 32. g4 Rf7 33. Rc6 Qc3 34. Nd2 1/2-1/2

[Event "GER-chT U16"]
[Site "Magdeburg"]
[Date "2014.12.27"]
[Round "2.1"]
[White "Kololli, Kevin"]
[Black "Beeck, Mats"]
[Result "1-0"]
[WhiteElo "2131"]
[BlackElo "2090"]
[PlyCount "55"]
[EventDate "2014.12.27"]
[EventType "team-swiss"]
[EventRounds "7"]
[EventCountry "GER"]
[SourceTitle "EXT 2016"]
[Source "ChessBase"]
[SourceDate "2015.10.08"]
[SourceVersion "1"]
[SourceVersionDate "2015.10.08"]
[SourceQuality "1"]
[WhiteTeam "Luebeck"]
[BlackTeam "Kiel Doppelbauer"]
[WhiteTeamCountry "GER"]
[BlackTeamCountry "GER"]

1. e4 c5 2. Ne2 d6 3. d4 cxd4 4. Nxd4 Nf6 5. Nc3 a6 6. Bc4 e6 7. Bb3 b5 8. Be3 Bb7 9. f4 Nbd7 10. 0-0 Rc8 11. Bxe6 fxe6 12. Nxe6 Qe7 13. f5 Ne5 14. Bd4 Rxc3 15. bxc3 Bxe4 16. a4 b4 17. cxb4 Bxf5 18. Nxf8 Bg4 19. Qd2 Rxf8 20. Bxe5 dxe5 21. Rae1 Nd7 22. Rxf8+ Kxf8 23. c4 a5 24. Qf2+ Qf7 25. bxa5 Qxf2+ 26. Kxf2 Be6 27. a6 Bxc4 28. a7 1-0

[Event "EU-ch U14 24th"]
[Site "Batumi"]
[Date "2014.10.23"]
[Round "5"]
[White "Kololli, Kevin"]
[Black "Alexiadis, Hristos"]
[Result "1-0"]
[WhiteElo "2171"]
[BlackElo "2044"]
[PlyCount "51"]
[EventDate "2014.10.19"]
[EventType "swiss"]
[EventRounds "9"]
[EventCountry "GEO"]
[SourceTitle "EXT 2015"]
[Source "ChessBase"]
[SourceDate "2014.11.20"]
[SourceVersion "1"]
[SourceVersionDate "2014.11.20"]
[SourceQuality "1"]

1. e4 c5 2. Nf3 d6 3. d4 Nf6 4. Nc3 cxd4 5. Nxd4 a6 6. Bc4 e6 7. Bb3 b5 8. Be3 Bb7 9. f4 b4 10. Na4 Nxe4 11. 0-0 Nc5 12. f5 Nxb3 13. fxe6 f6 14. cxb3 Be7 15. Nf5 0-0 16. Qg4 g6 17. Nb6 Nc6 18. Nxa8 Bxa8 19. Nh6+ Kg7 20. Nf7 Rxf7 21. exf7 Ne5 22. Qxb4 Bxg2 23. Kxg2 Qa8+ 24. Kg1 Nf3+ 25. Rxf3 Qxf3 26. Qf4 1-0

[Event "EU-ch U14 24th"]
[Site "Batumi"]
[Date "2014.10.20"]
[Round "2"]
[White "Mamulaishvili, Tsotne"]
[Black "Kololli, Kevin"]
[Result "1/2-1/2"]
[WhiteElo "1788"]
[BlackElo "2171"]
[PlyCount "72"]
[EventDate "2014.10.19"]
[EventType "swiss"]
[EventRounds "9"]
[EventCountry "GEO"]
[SourceTitle "EXT 2015"]
[Source "ChessBase"]
[SourceDate "2014.11.20"]
[SourceVersion "1"]
[SourceVersionDate "2014.11.20"]
[SourceQuality "1"]

1. d4 Nf6 2. Nf3 g6 3. c4 Bg7 4. Nc3 0-0 5. e4 d6 6. h3 e5 7. d5 Nbd7 8. Bg5 h6 9. Be3 Kh7 10. Be2 Ng8 11. h4 Ne7 12. h5 g5 13. g4 Bf6 14. Nd2 a5 15. a3 b6 16. f3 Bb7 17. 0-0 Ng8 18. Qc2 Kg7 19. Rfc1 Qe7 20. Nf1 Rfb8 21. Ng3 Qf8 22. Nb5 Bd8 23. b4 Ba6 24. Qc3 Bxb5 25. cxb5 f6 26. Qc6 Qe8 27. Bd2 a4 28. Kg2 Ra7 29. Nf1 f5 30. gxf5 Qxh5 31. Ng3 Qf7 32. Rh1 Ngf6 33. Rh2 Ng8 34. Rah1 Be7 35. Qc1 Kf8 36. Nh5 Ke8 1/2-1/2

[Event "GER-chT Lands U20"]
[Site "Hannover"]
[Date "2014.10.06"]
[Round "6.3"]
[White "Urban, Konstantin"]
[Black "Kololli, Kevin"]
[Result "1-0"]
[WhiteElo "1991"]
[BlackElo "2171"]
[PlyCount "99"]
[EventDate "2014.10.03"]
[EventType "team-swiss"]
[EventRounds "7"]
[EventCountry "GER"]
[SourceTitle "CBM 162 Extra"]
[Source "ChessBase"]
[SourceDate "2014.10.17"]
[SourceVersion "1"]
[SourceVersionDate "2014.10.17"]
[SourceQuality "1"]
[WhiteTeam "Sachsen"]
[BlackTeam "Schleswig Holstein"]
[WhiteTeamCountry "GER"]
[BlackTeamCountry "GER"]

1. e4 c5 2. Nf3 d6 3. d4 cxd4 4. Nxd4 Nf6 5. Nc3 g6 6. Be3 Bg7 7. f3 0-0 8. Bc4 Nc6 9. Qd2 Nxd4 10. Bxd4 Be6 11. Bb3 Qa5 12. 0-0-0 Rfc8 13. Kb1 b5 14. Bxf6 Bxf6 15. Nd5 Qxd2 16. Nxf6+ Kg7 17. Nh5+ gxh5 18. Rxd2 Kf6 19. Bxe6 fxe6 20. Re1 Rc5 21. Ree2 Rg8 22. Kc1 h4 23. a3 Rg7 24. Kd1 Ke5 25. Ke1 Rc8 26. Kf1 Rf8 27. h3 Rb8 28. c3 Rgg8 29. Rd4 a5 30. f4+ Kxf4 31. e5+ Kf5 32. Rxh4 Rg7 33. exd6 exd6 34. Rf2+ Kg6 35. Rg4+ Kh6 36. Rf6+ Rg6 37. Rgxg6+ hxg6 38. Rxe6 b4 39. axb4 d5 40. bxa5 Rxb2 41. Re2 Rb3 42. Ra2 Rxc3 43. a6 Rc8 44. a7 Ra8 45. Ke2 Kg5 46. Kd3 Kf5 47. Kd4 Ke6 48. Ra6+ Kd7 49. Rxg6 Kc7 50. Ra6 1-0

[Event "GER-chT Lands U20"]
[Site "Hannover"]
[Date "2014.10.05"]
[Round "5.3"]
[White "Kololli, Kevin"]
[Black "Perske, Thore"]
[Result "1-0"]
[WhiteElo "2171"]
[BlackElo "2277"]
[PlyCount "77"]
[EventDate "2014.10.03"]
[EventType "team-swiss"]
[EventRounds "7"]
[EventCountry "GER"]
[SourceTitle "CBM 162 Extra"]
[Source "ChessBase"]
[SourceDate "2014.10.17"]
[SourceVersion "1"]
[SourceVersionDate "2014.10.17"]
[SourceQuality "1"]
[WhiteTeam "Schleswig Holstein"]
[BlackTeam "Rheinland Pfalz"]
[WhiteTeamCountry "GER"]
[BlackTeamCountry "GER"]

1. e4 e6 2. d4 d5 3. Nd2 Nc6 4. Ngf3 Nf6 5. e5 Nd7 6. Be2 f6 7. exf6 Qxf6 8. Nf1 Bd6 9. Ne3 0-0 10. 0-0 Qg6 11. g3 Nf6 12. Nh4 Qe8 13. f4 Ne7 14. c3 c5 15. Nf3 b6 16. a4 a6 17. Bd2 Ne4 18. Ng4 Nf5 19. Kg2 Bb7 20. Nge5 Qe7 21. g4 Nh4+ 22. Nxh4 Qxh4 23. Be3 g5 24. Qb3 gxf4 25. Bxf4 Bxe5 26. dxe5 Qd8 27. Bh6 Rxf1 28. Rxf1 Qc7 29. Bf3 c4 30. Qc2 Qxe5 31. Kg1 Qf6 32. Qc1 Qg6 33. Bxe4 Qxe4 34. Qg5+ Qg6 35. Qf4 Kh8 36. Qe5+ Kg8 37. g5 d4 38. h4 dxc3 39. h5 1-0

[Event "GER-chT Lands U20"]
[Site "Hannover"]
[Date "2014.10.04"]
[Round "3.3"]
[White "Kololli, Kevin"]
[Black "Gschnitzer, Adrian"]
[Result "1-0"]
[WhiteElo "2171"]
[BlackElo "2041"]
[PlyCount "65"]
[EventDate "2014.10.03"]
[EventType "team-swiss"]
[EventRounds "7"]
[EventCountry "GER"]
[SourceTitle "CBM 162 Extra"]
[Source "ChessBase"]
[SourceDate "2014.10.17"]
[SourceVersion "1"]
[SourceVersionDate "2014.10.17"]
[SourceQuality "1"]
[WhiteTeam "Schleswig Holstein"]
[BlackTeam "Baden"]
[WhiteTeamCountry "GER"]
[BlackTeamCountry "GER"]

1. e4 c5 2. Nf3 Nc6 3. c3 d5 4. exd5 Qxd5 5. d4 Bg4 6. Be2 e6 7. 0-0 Nf6 8. Be3 cxd4 9. cxd4 Be7 10. h3 Bh5 11. Nc3 Qd8 12. Qb3 Qb6 13. Qxb6 axb6 14. g4 Bg6 15. Ne5 Nxe5 16. dxe5 Nd7 17. Bb5 Bc5 18. Rfd1 0-0-0 19. Bg5 Nxe5 20. Rxd8+ Rxd8 21. Bxd8 Kxd8 22. Rd1+ Ke7 23. Kg2 f5 24. f4 Nc6 25. Bxc6 bxc6 26. Na4 Be3 27. Kf3 fxg4+ 28. Kxe3 Bc2 29. Rd4 gxh3 30. Kf2 c5 31. Rc4 h2 32. Kg2 Bd1 33. Nxb6 1-0

[Event "GER-chT Lands U20"]
[Site "Hannover"]
[Date "2014.10.04"]
[Round "2.3"]
[White "Schmidek, Emil"]
[Black "Kololli, Kevin"]
[Result "1-0"]
[WhiteElo "2108"]
[BlackElo "2171"]
[PlyCount "97"]
[EventDate "2014.10.03"]
[EventType "team-swiss"]
[EventRounds "7"]
[EventCountry "GER"]
[SourceTitle "CBM 162 Extra"]
[Source "ChessBase"]
[SourceDate "2014.10.17"]
[SourceVersion "1"]
[SourceVersionDate "2014.10.17"]
[SourceQuality "1"]
[WhiteTeam "Berlin"]
[BlackTeam "Schleswig Holstein"]
[WhiteTeamCountry "GER"]
[BlackTeamCountry "GER"]

1. e4 e5 2. Nf3 Nc6 3. Bb5 a6 4. Ba4 Nf6 5. d3 b5 6. Bb3 Be7 7. 0-0 d6 8. c3 0-0 9. Re1 Na5 10. Bc2 c5 11. Nbd2 Qc7 12. Nf1 Nc6 13. Ne3 Be6 14. d4 cxd4 15. cxd4 Nxd4 16. Nxd4 exd4 17. Qxd4 Qc5 18. Qxc5 dxc5 19. e5 Nd5 20. Be4 Rad8 21. Bxd5 Bxd5 22. Nf5 Rd7 23. Be3 Rc8 24. Rad1 Re8 25. Nxe7+ Rexe7 26. Bxc5 Re8 27. Bb4 f6 28. exf6 Rxe1+ 29. Rxe1 gxf6 30. a3 Kf7 31. f3 Rc7 32. Bc3 Rc6 33. Kf2 Bb3 34. Ke3 Re6+ 35. Kd4 Rc6 36. Re4 Ba2 37. Rf4 Rc4+ 38. Ke3 Rc6 39. Rd4 Be6 40. Rd8 Bc4 41. Rd7+ Kg6 42. Kf4 Be6 43. Ra7 Rc4+ 44. Ke3 Rc6 45. g4 Bb3 46. h4 Bc2 47. f4 Re6+ 48. Kf2 f5 49. h5+ 1-0